000 00548nam a22001577a 4500
008 210715b ||||| |||| 00| 0 eng d
020 _a9780802866752
050 _a BJ1251
_b .V36 2012
100 _aVan Til, Kent A.
245 _aThe moral disciple :
_ban introduction to Christian ethics /
_c Kent A. Van Til.
260 _aGrand Rapids, Mich. :
_b W.B. Eerdmans Pub. Co.,
_c 2012.
300 _a x, 160 p. :
_b ill. ;
_c 23 cm.
500 _aIncludes bibliographical references and index.
650 _a Christian ethics.
942 _2lcc
_cBK
999 _c56612
_d56612